000 00495nam a2200205Ia 4500
003 GCL
008 140319s9999 xx 000 0 eng d
040 _aGCL /
_cGCL
082 0 4 _a843
_bDB
100 1 _aGIROUX, ROGER
245 1 0 _aBALTHAZAR /
_cGIROUX, ROGER
700 1 _aDURRELL, LAWRENCE
260 _a[S.N] :
_bBUCHET-CHASTEL ،
_c1959
300 _a437
650 0 4 _aLITERATURE
650 0 4 _aFICTION
650 0 4 _aFRENCH FICTION
650 0 4 _aFRENCH LITERATURE
942 _2ddc
_cBK
999 _c25333
_d25333